Historical Regions - Map Quiz - Statistics

General Stats
  • This quiz has been taken 1,154 times
    1,122 since last reset
  • The average score is 21 of 28
Answers on the Map
Answers color-coded by a green-red scale on the quiz's map according to % correct below.
 
Answer Stats
Answer % Correct
Burma
90%
Bohemia-Moravia
88%
Siam
87%
British Raj
86%
Dai Viet-Annam
86%
Persia
85%
Zaire
84%
Asia Minor
83%
Ceylon
82%
East Indies
81%
East Pakistan
80%
Rio de La Plata
79%
Abbysina
78%
Guiana
78%
Tagniykia and Zanzibar
78%
Swaziland
77%
South-West Africa
76%
Rhodesia
74%
Formosa
73%
Livonia
73%
Kampuchea
71%
Najd and Hejaz
69%
French Somaliland
68%
Kameurn
65%
Dahomey
58%
Upper Volta
58%
Bechualand
53%
Azania
39%
No matching quizzes found
Score Distribution
Percent of People with Each Score
Percentile by Number Answered
Your Score History
You have not taken this quiz since the last reset